000 00301nam a22001337a 4500
008 210303b ||||| |||| 00| 0 eng d
020 _a9781565335691
041 _aeng
080 _210th
_a610.73
100 _a2
101 _aINF
245 _aContent Mastery Series
_cHoffman,L.J
942 _2udc
_cBK
999 _c55606
_d55606